Quiz su Cuba - Statistics

Statistiche generali
  • Questo quiz è stato fatto 1.281 volte
  • Il punteggio medio è 12 su 22
Statistiche sulle risposte
Hint Risposta % Corretto
Lingua ufficiale Spagnolo
98%
Capitale L'Avana
96%
...e con questo golfo Golfo del {Messico}
84%
Marxista argentino che contribuì alla rivoluzione Ernesto "Che" Guevara
82%
Cuba confina con questo mare... Mar dei Caraibi
77%
Moneta Peso
74%
Leader della rivoluzione cubana Fidel Castro
73%
Partito politico che controlla Cuba Comunista
66%
Il prodotto esportato più famoso di Cuba Sigari
66%
Cuba fa parte di questo gruppo di isole Grandi {Antille}
64%
Cocktail a base di rum, lime e menta Mojito
62%
Sport più popolare Baseball
58%
Questa cosa è stata abolita nel 1886 Schiavitù
55%
Sito di un'invasione fallita pianificata dagli Stati Uniti Baia dei {porci}
52%
Evento della Guerra Fredda del 1962 Crisi dei {missili}
49%
Il rum è estratto da questa pianta {Canna} da {zucchero}
48%
Base navale statunitense a Cuba Guantanamo
37%
Grande piazza dove si trova una sua famosa effige Plaza de la {revolucion}
26%
Dittatore rovesciato nel 1959 Fulgencio Batista
25%
Seconda maggiore città Santiago di Cuba
21%
Danza resa popolare da Pérez Prado Mambo
11%
Famoso locale di cabaret e nightclub T{ropicana}
10%
Nessun quiz corrispondente trovato
Distribuzione punteggi
Percentuale di utenti per punteggio
Percentile per numero di risposta
I tuoi punteggi nel tempo
Non hai fatto questo quiz